Le capital: critique de l'economie politique
Shranjeno v:
| Format: | Knjiga |
|---|---|
| Jezik: | francoščina |
| Izdano: |
París
Sociales
1960
|
| Serija: | Oeuvres completes de Karl Marx
|
| Teme: | |
| Oznake: |
Označite
Brez oznak, prvi označite!
|
MARC
| LEADER | 00000nam a2200000 a 4500 | ||
|---|---|---|---|
| 001 | UCZ3321 | ||
| 003 | CL-VaPUC | ||
| 005 | 20211116074331.0 | ||
| 008 | 951020e19600000FR |||||||||||||||||fre|d | ||
| 999 | |c 239807 |d 239805 | ||
| 040 | |c Pontificia Universidad Católica de Valparaíso | ||
| 082 | 0 | 4 | |a 335.4 |b MAR |2 21 |
| 245 | 1 | 3 | |a Le capital: critique de l'economie politique |
| 260 | |a París |b Sociales |c 1960 | ||
| 300 | |a v | ||
| 490 | 0 | |a Oeuvres completes de Karl Marx | |
| 500 | |a v.1 p.1: Le développement de la production capitaliste. La marchandise et la monnaie. La transformation de l'argent en capital. La production de la plus-value absolue | ||
| 500 | |a v.1 p.2: Le procès de circulation du capital. Les métamorphoses du capital et leur cycle. La rotation du capital | ||
| 500 | |a v.1 p.3: Le procès d'ensemble de la production capitaliste. La transformation de la plus-value en profit et du taux de plus-value en taux de profit. La transformation du profit en profit moyen. La loi de la baisse tendancielle du taux du profit. Transformation du capital-marchandise et du capital-argent en capital-commercial et en capital-financier | ||
| 500 | |a v.2 p.1: Le développement de la production capitaliste. La production de la plus-value relative. Nouvelles recherches sur la production de la plus-value. Le salaire | ||
| 500 | |a v.2 p.2: Le procès de circulation du capital. La reproduction et la circulation de l'ensemble du capital social | ||
| 500 | |a v.2 p.3: Le procès d'ensemble de la production capitaliste. Partage du profit et intérêt et profit d'entreprise | ||
| 500 | |a v.3 p.1: Le développement de la production capitaliste. L'accumulation du capital. L'accumulation primitive | ||
| 500 | |a v.3 p.3: Le procès d'ensemble de la production capitaliste. Conversion du surprofit en rente foncière. Les revenus et leurs sources | ||
| 583 | |a last modification |c 19951020 00:00:00 |k Rodrigo Vera | ||
| 650 | 0 | |a Comunismo |9 255588 | |
| 650 | 0 | |a Doctrinas políticas |9 255835 | |
| 650 | 0 | |a Ideologías |9 255200 | |
| 650 | 7 | |a SISTEMAS POLITICOS |2 CL-VaPUC |9 347116 | |
| 650 | 7 | |a FILOSOFIA POLITICA |2 CL-VaPUC |9 347117 | |
| 650 | 0 | |a Capital |9 263726 | |
| 650 | 0 | |a Salarios |9 255321 | |
| 650 | 0 | |a Economía |9 255568 | |
| 942 | |c BK |2 ddc | ||
| 945 | |d 19951020 00:00:00 |a cmena | ||
| 952 | |0 0 |1 0 |4 0 |6 335_400000000000000_MAR_1960 |7 0 |8 P |9 251209 |a BIBEDU |b BIBEDU |c BIBEDU_PB |d 2019-11-18 |h v.1 p.1 |i 1585436 |o 335.4 MAR 1960 |p 1585436 |r 2024-01-25 |w 2019-11-18 |y BK |k FIL | ||
| 952 | |0 0 |1 0 |4 0 |6 335_400000000000000_MAR_1960 |7 0 |8 P |9 251210 |a BIBEDU |b BIBEDU |c BIBEDU_PB |d 2019-11-18 |h v.1 p.2 |i 1585444 |o 335.4 MAR 1960 |p 1585444 |r 2024-01-25 |w 2019-11-18 |y BK |k FIL | ||
| 952 | |0 0 |1 0 |4 0 |6 335_400000000000000_MAR_1960 |7 0 |8 P |9 251211 |a BIBEDU |b BIBEDU |c BIBEDU_PB |d 2019-11-18 |h v.1 p.3 |i 1585452 |o 335.4 MAR 1960 |p 1585452 |r 2024-01-25 |w 2019-11-18 |y BK |k FIL | ||
| 952 | |0 0 |1 0 |4 0 |6 335_400000000000000_MAR_1960 |7 0 |8 P |9 251212 |a BIBEDU |b BIBEDU |c BIBEDU_PB |d 2019-11-18 |h v.2 p.1 |i 1585460 |o 335.4 MAR 1960 |p 1585460 |r 2024-01-25 |w 2019-11-18 |y BK |k FIL | ||
| 952 | |0 0 |1 0 |4 0 |6 335_400000000000000_MAR_1960 |7 0 |8 P |9 251213 |a BIBEDU |b BIBEDU |c BIBEDU_PB |d 2019-11-18 |h v.2 p.2 |i 1585479 |o 335.4 MAR 1960 |p 1585479 |r 2024-01-25 |w 2019-11-18 |y BK |k FIL | ||
| 952 | |0 0 |1 0 |4 0 |6 335_400000000000000_MAR_1960 |7 0 |8 P |9 251214 |a BIBEDU |b BIBEDU |c BIBEDU_PB |d 2019-11-18 |h v.2 p.3 |i 1585487 |o 335.4 MAR 1960 |p 1585487 |r 2024-01-25 |w 2019-11-18 |y BK |k FIL | ||
| 952 | |0 0 |1 0 |4 0 |6 335_400000000000000_MAR_1960 |7 0 |8 P |9 251215 |a BIBEDU |b BIBEDU |c BIBEDU_PB |d 2019-11-18 |h v.3 p.1 |i 1585495 |o 335.4 MAR 1960 |p 1585495 |r 2024-01-25 |w 2019-11-18 |y BK |k FIL | ||
| 952 | |0 0 |1 0 |4 0 |6 335_400000000000000_MAR_1960 |7 0 |8 P |9 251216 |a BIBEDU |b BIBEDU |c BIBEDU_PB |d 2019-11-18 |h v.3 p.3 |i 1585509 |o 335.4 MAR 1960 |p 1585509 |r 2024-01-25 |w 2019-11-18 |y BK |k FIL | ||
| 952 | |0 0 |1 0 |4 0 |6 335_400000000000000_MAR_1960 |7 0 |8 P |9 251217 |a BIBEDU |b BIBEDU |c BIBEDU_PB |d 2019-11-18 |h v.1 p.1 |i 1585517 |o 335.4 MAR 1960 |p 1585517 |r 2024-01-25 |w 2019-11-18 |y BK |k FIL | ||
| 952 | |0 0 |1 0 |4 0 |6 335_400000000000000_MAR_1960 |7 0 |8 P |9 251218 |a BIBEDU |b BIBEDU |c BIBEDU_PB |d 2019-11-18 |h v.1 p.2 |i 1585525 |o 335.4 MAR 1960 |p 1585525 |r 2024-01-25 |w 2019-11-18 |y BK |k FIL | ||
| 952 | |0 0 |1 0 |4 0 |6 335_400000000000000_MAR_1960 |7 0 |8 P |9 251219 |a BIBEDU |b BIBEDU |c BIBEDU_PB |d 2019-11-18 |h v.1 p.3 |i 1585533 |o 335.4 MAR 1960 |p 1585533 |r 2024-01-25 |w 2019-11-18 |y BK |k FIL | ||
| 952 | |0 0 |1 0 |4 0 |6 335_400000000000000_MAR_1960 |7 0 |8 P |9 251220 |a BIBEDU |b BIBEDU |c BIBEDU_PB |d 2019-11-18 |h v.2 p.1 |i 1585541 |o 335.4 MAR 1960 |p 1585541 |r 2024-01-25 |w 2019-11-18 |y BK |k FIL | ||
| 952 | |0 0 |1 0 |4 0 |6 335_400000000000000_MAR_1960 |7 0 |8 P |9 251221 |a BIBEDU |b BIBEDU |c BIBEDU_PB |d 2019-11-18 |h v.2 p.2 |i 158555K |o 335.4 MAR 1960 |p 158555K |r 2024-01-25 |w 2019-11-18 |y BK |k FIL | ||
| 952 | |0 0 |1 0 |4 0 |6 335_400000000000000_MAR_1960 |7 0 |8 P |9 251222 |a BIBEDU |b BIBEDU |c BIBEDU_PB |d 2019-11-18 |h v.2 p.3 |i 1585568 |o 335.4 MAR 1960 |p 1585568 |r 2024-01-25 |w 2019-11-18 |y BK |k FIL | ||
| 952 | |0 0 |1 0 |4 0 |6 335_400000000000000_MAR_1960 |7 0 |8 P |9 251223 |a BIBEDU |b BIBEDU |c BIBEDU_PB |d 2019-11-18 |h v.3 p.1 |i 1585576 |o 335.4 MAR 1960 |p 1585576 |r 2024-01-25 |w 2019-11-18 |y BK |k FIL | ||
| 952 | |0 0 |1 0 |4 0 |6 335_400000000000000_MAR_1960 |7 0 |8 P |9 251224 |a BIBEDU |b BIBEDU |c BIBEDU_PB |d 2019-11-18 |h v.3 p.3 |i 1585584 |o 335.4 MAR 1960 |p 1585584 |r 2024-01-25 |w 2019-11-18 |y BK |k FIL | ||
| 952 | |0 0 |1 0 |4 0 |6 335_400000000000000_MAR_1960 |7 0 |8 A |9 251225 |a BIBDER |b BIBDER |d 2019-11-18 |h v.1 p.2 |i 1799533 |o 335.4 MAR 1960 |p 1799533 |r 2023-01-25 |w 2019-11-18 |y BK |k DER | ||